Castlevania: Lament of Innocence Bestiary - Statistics

General Stats
  • This quiz has been taken 4 times
  • The average score is 17 of 79
Answer Stats
Hint Answer % Correct
79 (Boss) Death
100%
2 Bat
67%
73 (Boss) Golem
67%
75 (Boss) Medusa
67%
42 Merman
67%
4 Skeleton
67%
3 Zombie
67%
63 Axe Knight
33%
33 Buckbaird
33%
50 Cyclops
33%
71 (Boss) Doppelganger
33%
65 Dullahan
33%
53 Executioner
33%
38 Fish Man
33%
16 Flame Demon
33%
68 (Boss) Flame Elemental
33%
14 Flame Zombie
33%
22 Flea Man
33%
77 (Boss) Forgotten One
33%
40 Frost Demon
33%
69 (Boss) Frost Elemental
33%
41 Frost Zombie
33%
24 Gargoyle
33%
43 Ghost
33%
12 Hellhound
33%
76 (Boss) Joachim Armster
33%
57 Lesser Demon
33%
67 Maggot
33%
32 Man-Eating Plant
33%
8 Peeping Eye
33%
30 Poison Zombie
33%
55 Red Ogre
33%
17 Red Skeleton
33%
18 Shadow Wolf
33%
29 Skeleton Knight
33%
74 (Boss) Succubus
33%
48 Thunder Demon
33%
70 (Boss) Thunder Elemental
33%
72 (Boss) Undead Parasite
33%
7 Vassago
33%
78 (Boss) Walter Bernhard
33%
36 Wolf Skeleton
33%
28 Armor Knight
0%
19 Astral Fighter
0%
27 Astral Knight
0%
37 Astral Warrior
0%
5 Axe Armor
0%
51 Chaos Sword
0%
59 Death Reaper
0%
58 Evil Stabber
0%
6 Evil Sword
0%
15 Flame Sword
0%
39 Frost Sword
0%
61 Gaap
0%
20 Ghost Knight
0%
13 Ghost Soldier
0%
23 Ghost Warrior
0%
1 Golden Knight
0%
54 Hanged Man
0%
45 Heavy Armor
0%
62 Lizard Knight
0%
25 Lizard Man
0%
9 Mad Diver
0%
60 Mirage Skeleton
0%
31 Mist
0%
64 Phantom
0%
35 Poison Lizard
0%
26 Rune Spirit
0%
21 Skeleton Archer
0%
44 Skeleton Flower
0%
52 Skeleton Hunter
0%
34 Skeleton Soldier
0%
11 Skeleton Swordman
0%
46 Skeleton Warrior
0%
66 Soulless
0%
56 Spartacus
0%
10 Spirit
0%
49 Storm Skeleton
0%
47 Thunder Sword
0%
No matching quizzes found
Score Distribution
Percent of People with Each Score
Percentile by Number Answered
Your Score History
You have not taken this quiz